000 01133nam a2200325 c 4500
999 _c437487
_d437487
003 BLK
005 20240917111729.0
008 180410b bul|||||r ||||||| ||bul||
010 _aKNG00166828000
020 _a9786197624014
040 _aBLK
041 _aBUL
_cBUL
080 _aТракийски език
_b811.29
_z811.29
100 1 _aСерафимов, Павел
_eпърви автор
_9334572
139 _aСерафимов, Павел
_bС 34
245 1 0 _aТайните на тракийския език - Орфей проговаря
_cПавел Серафимов.
_nТ. 2
257 _aBGR
260 _bАтеа Букс
_c2021
_9215836
_aСофия
_n978-619-7280- ; 978-954-8999-
300 _a532 с.
_bс ил.
_c21 см
380 _a9
650 4 _aТраки
_9173862
650 4 _aБългария - история - популярна литература
_9258393
651 4 _aБългария
_9241624
653 _aтраки
653 7 _aтракийски език
_9198555
942 _cKNG
_n0
_05
_s1
944 _aCR
_c2021-11-18
_k30575
_lМартин Енчев
999 _d437487
999 _d437434